Desarrollo de una herramienta para la obtención del identificador único para unidades ULT (Unit Level Traceability), para los procesadores Intel Pentium 4 Prescott-N
Gorde:
| Egile nagusia: | |
|---|---|
| Formatua: | Liburua |
| Argitaratua: |
[San José, Costa Rica]
2006
|
| Gaiak: | |
| Etiketak: |
Etiketa erantsi
Etiketarik gabe, Izan zaitez lehena erregistro honi etiketa jartzen!
|
MARC
| LEADER | 00000nam a2200000Ia 4500 | ||
|---|---|---|---|
| 003 | 009804 | ||
| 005 | 20221231144113.0 | ||
| 008 | 140114s2006 cr a 000 ||s d | ||
| 040 | |c cru CEDI | ||
| 090 | |a TFG 5328 | ||
| 100 | |a Marín Benavides, Richard |9 2907 | ||
| 245 | |a Desarrollo de una herramienta para la obtención del identificador único para unidades ULT (Unit Level Traceability), para los procesadores Intel Pentium 4 Prescott-N | ||
| 260 | |c 2006 |b [San José, Costa Rica] | ||
| 300 | |a xi, 53 hojas; ilustraciones (algunas a color) | ||
| 500 | |a Proyecto de graduación (bachillerato en ingeniería eléctrica)--Universidad de Costa Rica. Facultad de Ingeniería. Escuela de Ingeniería Eléctrica | ||
| 650 | |x MICROPROCESADORES |x PROGRAMAS PARA COMPUTADORA |x DISEÑO |x PENTIUM (MICROPROCESADOR) |x COMPONENTES INTEL |9 5129 | ||
| 942 | |c TFG | ||
| 999 | |c 16949 |d 16949 | ||
